Top 50 Baby Girl Names Beginning with T - Statistics

General Stats
  • This quiz has been taken 267 times
  • The average score is 23 of 50
Answer Stats
Hint Answer % Correct
36 Tania
77%
50 Tina
77%
28 Tia
76%
1 Taylor
75%
37 Toni
74%
21 Tara
73%
11 Teresa
71%
29 Theresa
71%
24 Tess
69%
44 Tamara
68%
4 Tessa
65%
13 Thalia
65%
42 Taliah
63%
41 Tillie
63%
26 Tilly
63%
38 Tahlia
62%
6 Talia
62%
15 Tori
61%
27 Tabitha
60%
8 Tiana
53%
43 Tianna
53%
12 Tiffany
53%
5 Thea
52%
32 Tyler
52%
3 Trinity
43%
14 Theodora
42%
31 Tru
42%
25 True
42%
2 Teagan
38%
47 Teegan
38%
23 Tegan
38%
35 Teigan
38%
48 Tiara
38%
19 Tallulah
35%
18 Tatiana
35%
39 Taryn
32%
7 Tatum
31%
22 Taytum
31%
49 Toby
27%
33 Taya
23%
34 Tala
19%
9 Tinsley
16%
17 Tenley
14%
20 Tinley
14%
46 Taelynn
13%
45 Taylin
13%
40 Tamia
10%
30 Temperance
9%
10 Treasure
8%
16 Taliyah
5%
No matching quizzes found
Score Distribution
Percent of People with Each Score
Percentile by Number Answered
Your Score History
You have not taken this quiz